[Event "Guernsey op 44th"]
[Site "Vale"]
[Date "2018.10.27"]
[Round "7"]
[White "Cummins, John"]
[Black "Schadd, Jan"]
[Result "0-1"]
[WhiteElo "1748"]
[BlackElo "1872"]
[PlyCount "104"]
[EventDate "2018.10.21"]
[EventType "swiss"]
[EventRounds "7"]
[EventCountry "GCI"]
[SourceTitle "CBM 187 Extra"]
[Source "ChessBase"]
[SourceDate "2018.11.04"]
[SourceVersion "1"]
[SourceVersionDate "2018.11.04"]
[SourceQuality "1"]

1. e4 e6 2. d4 d5 3. e5 c5 4. c3 Nc6 5. Nf3 Qb6 6. Bd3 Bd7 7. 0-0 cxd4 8. cxd4 Nxd4 9. Nxd4 Qxd4 10. Qe2 Ne7 11. Nd2 Ng6 12. Bxg6 hxg6 13. Nf3 Qg4 14. Bg5 Rh5 15. Qd2 Bc6 16. Qf4 Qxf4 17. Bxf4 Be7 18. Rfe1 Kd7 19. a3 f5 20. Rac1 g5 21. Bd2 Rah8 22. h4 g4 23. Nd4 Rxh4 24. Kf1 g5 25. Rc3 f4 26. Rec1 Rh1+ 27. Ke2 Rxc1 28. Bxc1 Rh2 29. Kf1 Bf8 30. Kg1 Rh7 31. g3 Rf7 32. Rc2 Bg7 33. Re2 b6 34. Rc2 Bb7 35. Re2 Ba6 36. Re1 Bd3 37. gxf4 gxf4 38. Bd2 Be4 39. Rc1 Bxe5 40. Nc6 Bxb2 41. Nb8+ Kd6 42. Bb4+ Ke5 43. Nc6+ Kf5 44. Ne7+ Kg5 45. Rc8 Rh7 46. f3 Bd4+ 47. Kf1 Rh1+ 48. Ke2 gxf3+ 49. Kd2 Be3+ 50. Kc3 Rc1+ 51. Kb2 Rxc8 52. Nxc8 f2 0-1

[Event "Guernsey op 44th"]
[Site "Vale"]
[Date "2018.10.24"]
[Round "4"]
[White "Spanton, Timothy"]
[Black "Cummins, John"]
[Result "1-0"]
[WhiteElo "1923"]
[BlackElo "1748"]
[PlyCount "95"]
[EventDate "2018.10.21"]
[EventType "swiss"]
[EventRounds "7"]
[EventCountry "GCI"]
[SourceTitle "CBM 187 Extra"]
[Source "ChessBase"]
[SourceDate "2018.11.04"]
[SourceVersion "1"]
[SourceVersionDate "2018.11.04"]
[SourceQuality "1"]

1. Nf3 e6 2. c4 Nf6 3. Nc3 d5 4. d4 c5 5. cxd5 Nxd5 6. e4 Nxc3 7. bxc3 Be7 8. d5 0-0 9. Be3 b6 10. Bc4 Ba6 11. Bxa6 Nxa6 12. dxe6 fxe6 13. Qa4 Nb8 14. Rd1 Qc7 15. 0-0 Qc6 16. Qxc6 Nxc6 17. Ng5 e5 18. Ne6 Rf6 19. Nc7 Rd8 20. Rxd8+ Bxd8 21. Nd5 Re6 22. Rd1 h6 23. f3 Kh7 24. Bf2 Kh8 25. Ne3 Kh7 26. Nf5 Bf6 27. Rd7 Kg8 28. Kf1 Kf8 29. Rc7 Kg8 30. Ke2 Kf8 31. h4 h5 32. g4 hxg4 33. fxg4 a5 34. h5 Ne7 35. Nxe7 Rxe7 36. Rc6 Rb7 37. Be3 Kf7 38. g5 Bd8 39. g6+ Ke8 40. Re6+ Re7 41. Rxe7+ Bxe7 42. a4 Bf6 43. Kd3 Kd7 44. Kc4 Ke6 45. Kb5 Bd8 46. Kc6 Be7 47. Kxb6 Bd8+ 48. Kxc5 1-0

[Event "Guernsey op 44th"]
[Site "Vale"]
[Date "2018.10.22"]
[Round "2"]
[White "Cummins, John"]
[Black "Havenaar, Jan"]
[Result "0-1"]
[WhiteElo "1748"]
[BlackElo "2043"]
[PlyCount "56"]
[EventDate "2018.10.21"]
[EventType "swiss"]
[EventRounds "7"]
[EventCountry "GCI"]
[SourceTitle "CBM 187 Extra"]
[Source "ChessBase"]
[SourceDate "2018.11.04"]
[SourceVersion "1"]
[SourceVersionDate "2018.11.04"]
[SourceQuality "1"]

1. e4 g6 2. Nf3 Bg7 3. d4 d6 4. Bd3 Nc6 5. c3 e5 6. d5 Nce7 7. Nbd2 Nf6 8. Qb3 0-0 9. 0-0 Nd7 10. Qd1 f5 11. Nb3 Nf6 12. Bg5 fxe4 13. Bxf6 exf3 14. Bxe7 Qxe7 15. Be4 fxg2 16. Bxg2 Bh6 17. Nd2 Qh4 18. Ne4 Bg4 19. Qe1 Rf3 20. Ng3 Raf8 21. a4 R3f4 22. a5 Bf3 23. Ra3 Bxg2 24. Kxg2 Qg4 25. Kg1 Qh3 26. Qe2 Rh4 27. Re1 Qxh2+ 28. Kf1 Qxg3 0-1

[Event "EU Small Countries ol 3rd"]
[Site "Monte Carlo"]
[Date "2013.11.29"]
[Round "6"]
[White "Cummins, John"]
[Black "Nielsen, Hogni Egilstoft"]
[Result "0-1"]
[WhiteElo "1822"]
[BlackElo "2102"]
[PlyCount "46"]
[EventDate "2013.11.25"]
[EventType "team-tourn"]
[EventRounds "9"]
[EventCountry "MNC"]
[SourceTitle "CBM 157 Extra"]
[Source "ChessBase"]
[SourceDate "2013.12.19"]
[SourceVersion "1"]
[SourceVersionDate "2013.12.19"]
[SourceQuality "1"]
[WhiteTeam "Guernsey"]
[BlackTeam "Faroe Islands"]
[WhiteTeamCountry "GCI"]
[BlackTeamCountry "FAI"]

1. d4 e6 2. Nf3 Nf6 3. a3 c5 4. Nc3 Nc6 5. Bg5 Be7 6. e3 b6 7. Be2 Bb7 8. 0-0 0-0 9. Re1 d5 10. Ne5 Nxe5 11. dxe5 Nd7 12. Bxe7 Qxe7 13. f4 f6 14. exf6 Nxf6 15. Bf3 Rad8 16. Qe2 e5 17. g3 Rfe8 18. Qf2 e4 19. Be2 d4 20. exd4 cxd4 21. Bc4+ Kh8 22. Nd1 e3 23. Qe2 Qe4 0-1

[Event "EU Small Countries ol 3rd"]
[Site "Monte Carlo"]
[Date "2013.11.26"]
[Round "2"]
[White "Cummins, John"]
[Black "Mossong, Hubert"]
[Result "1/2-1/2"]
[WhiteElo "1822"]
[BlackElo "2121"]
[PlyCount "53"]
[EventDate "2013.11.25"]
[EventType "team-tourn"]
[EventRounds "9"]
[EventCountry "MNC"]
[SourceTitle "CBM 157 Extra"]
[Source "ChessBase"]
[SourceDate "2013.12.19"]
[SourceVersion "1"]
[SourceVersionDate "2013.12.19"]
[SourceQuality "1"]
[WhiteTeam "Guernsey"]
[BlackTeam "Luxembourg"]
[WhiteTeamCountry "GCI"]
[BlackTeamCountry "LUX"]

1. d4 d6 2. e4 Nf6 3. Nc3 c6 4. Nf3 Bg4 5. Be2 e6 6. a3 Be7 7. Nd2 Bxe2 8. Qxe2 e5 9. Nb3 0-0 10. 0-0 Nbd7 11. Bd2 Re8 12. Kh1 Bf8 13. f3 d5 14. dxe5 Nxe5 15. Bg5 Nc4 16. Rab1 h6 17. Bh4 b5 18. Rfd1 g5 19. Bf2 Bg7 20. Nd4 Qc8 21. Nf5 Bf8 22. Bd4 Qe6 23. Ng3 dxe4 24. Ncxe4 Nd5 25. Re1 Bg7 26. Bxg7 Kxg7 27. Qf2 1/2-1/2

[Event "EU Small Countries ol 3rd"]
[Site "Monte Carlo"]
[Date "2013.11.25"]
[Round "1"]
[White "Garcia Paolicchi, Raul"]
[Black "Cummins, John"]
[Result "1-0"]
[WhiteElo "2215"]
[BlackElo "1822"]
[PlyCount "95"]
[EventDate "2013.11.25"]
[EventType "team-tourn"]
[EventRounds "9"]
[EventCountry "MNC"]
[SourceTitle "CBM 157 Extra"]
[Source "ChessBase"]
[SourceDate "2013.12.19"]
[SourceVersion "1"]
[SourceVersionDate "2013.12.19"]
[SourceQuality "1"]
[WhiteTeam "Andorra"]
[BlackTeam "Guernsey"]
[WhiteTeamCountry "AND"]
[BlackTeamCountry "GCI"]

1. d4 d5 2. c4 Nf6 3. cxd5 Qxd5 4. Nc3 Qd8 5. Nf3 e6 6. e4 Be7 7. Be2 c6 8. 0-0 Nbd7 9. Bf4 0-0 10. Qc2 Nh5 11. Be3 g6 12. Rad1 Nhf6 13. h3 Qa5 14. a3 Qd8 15. Rd2 Nb6 16. Ne5 Nfd7 17. f4 f6 18. Nf3 Qe8 19. a4 a5 20. Qb3 Bb4 21. Rc2 Rf7 22. Na2 Bf8 23. d5 Nxd5 24. exd5 exd5 25. Bf2 Re7 26. Bd1 Bh6 27. g3 Bf8 28. Nc1 Kg7 29. Nd3 Re4 30. Nd2 Re7 31. Bf3 h5 32. Rcc1 Kh6 33. Rce1 Re6 34. Rxe6 Qxe6 35. Bg2 Bd6 36. Re1 Qf7 37. g4 hxg4 38. hxg4 Nf8 39. Bf3 Kg7 40. Kg2 Ne6 41. Bg3 Nd4 42. Qc3 Nxf3 43. Kxf3 Qd7 44. g5 Be7 45. Kf2 b6 46. Bh4 d4 47. Rxe7+ Qxe7 48. gxf6+ 1-0

[Event "Guernsey op"]
[Site "Guernsey"]
[Date "2013.10.23"]
[Round "4"]
[White "Lewicki, Pawel"]
[Black "Cummins, John"]
[Result "1-0"]
[WhiteElo "1875"]
[BlackElo "1844"]
[PlyCount "119"]
[EventDate "2013.10.20"]
[EventType "swiss"]
[EventRounds "7"]
[EventCountry "GCI"]
[SourceTitle "CBM 157 Extra"]
[Source "ChessBase"]
[SourceDate "2013.12.19"]
[SourceVersion "1"]
[SourceVersionDate "2013.12.19"]
[SourceQuality "1"]

1. d4 Nf6 2. c4 e6 3. Nc3 c6 4. e3 Be7 5. Bd3 d5 6. Nf3 Nbd7 7. b3 b6 8. Bb2 Bb7 9. cxd5 cxd5 10. 0-0 0-0 11. Rc1 Rc8 12. Ne5 g6 13. f4 Ne4 14. Nxe4 Rxc1 15. Qxc1 dxe4 16. Bc4 Bd5 17. Bxd5 Nxe5 18. Bxe4 Ng4 19. Bd3 Qd7 20. h3 Nf6 21. e4 Rc8 22. Qe1 Bf8 23. g4 a5 24. Qg3 Qb7 25. Re1 Bb4 26. Re2 Bc3 27. Qe3 Bxb2 28. Rxb2 Rc3 29. Qd2 Qc7 30. Rc2 Rxc2 31. Bxc2 Kg7 32. Kg2 Kf8 33. Kf3 Nd7 34. a4 Nb8 35. Bd3 Kg7 36. Bc4 Nc6 37. d5 exd5 38. Qxd5 Nb4 39. Qd4+ Kg8 40. h4 Nc2 41. Qc3 Nb4 42. h5 Qd8 43. Kg3 gxh5 44. gxh5 h6 45. Qe5 Nc6 46. Qf5 Qe7 47. Qc8+ Nd8 48. e5 Kg7 49. Qg4+ Kf8 50. Qf3 Qc5 51. Kg4 Qg1+ 52. Kf5 Qd4 53. Kf6 Qd7 54. Qd5 Qe7+ 55. Kf5 Qh4 56. Qd6+ Kg8 57. Qxh6 Qh3+ 58. Kf6 Qg4 59. Qg5+ Qxg5+ 60. fxg5 1-0

[Event "Guernsey op"]
[Site "Guernsey"]
[Date "2013.10.20"]
[Round "1"]
[White "Cummins, John"]
[Black "Bolt, Graham"]
[Result "0-1"]
[WhiteElo "1844"]
[BlackElo "2026"]
[PlyCount "84"]
[EventDate "2013.10.20"]
[EventType "swiss"]
[EventRounds "7"]
[EventCountry "GCI"]
[SourceTitle "CBM 157 Extra"]
[Source "ChessBase"]
[SourceDate "2013.12.19"]
[SourceVersion "1"]
[SourceVersionDate "2013.12.19"]
[SourceQuality "1"]

1. d4 g6 2. Nf3 Bg7 3. Bf4 d6 4. e3 Nd7 5. Bd3 e5 6. Bg3 Qe7 7. dxe5 dxe5 8. Nc3 c6 9. h3 Ngf6 10. Nd2 0-0 11. Nce4 Nc5 12. Nxc5 Qxc5 13. 0-0 Re8 14. Qc1 b5 15. Ne4 Nxe4 16. Bxe4 Be6 17. c3 f5 18. Bc2 Bf6 19. Rd1 a5 20. Bb3 Bxb3 21. axb3 Qe7 22. Qc2 Red8 23. Rxd8+ Qxd8 24. Rd1 Qc7 25. Rd2 Rd8 26. Qd1 Rxd2 27. Qxd2 Kf7 28. Kf1 Ke6 29. Ke2 Qa7 30. f3 a4 31. bxa4 Qxa4 32. Be1 Qc4+ 33. Kd1 e4 34. f4 c5 35. Qc2 Kd5 36. Kc1 Kc6 37. b4 cxb4 38. cxb4 Kd5 39. Kd1 Qxc2+ 40. Kxc2 Kc4 41. g4 Be7 42. Bf2 Bxb4 0-1

[Event "Guernsey op 38th"]
[Site "Guernsey"]
[Date "2012.10.25"]
[Round "5"]
[White "Staniforth, Matthew"]
[Black "Cummins, John"]
[Result "0-1"]
[WhiteElo "1999"]
[BlackElo "1844"]
[PlyCount "76"]
[EventDate "2012.10.21"]
[EventType "swiss"]
[EventRounds "7"]
[EventCountry "GCI"]
[SourceTitle "EXT 2013"]
[Source "ChessBase"]
[SourceDate "2012.11.22"]
[SourceVersion "1"]
[SourceVersionDate "2012.11.22"]
[SourceQuality "1"]

1. e4 c5 2. Nf3 e6 3. c3 Nc6 4. d4 cxd4 5. cxd4 Nf6 6. e5 Nd5 7. Nc3 Bb4 8. Bd2 Nxc3 9. bxc3 Be7 10. Bd3 d6 11. Qe2 dxe5 12. dxe5 a6 13. 0-0 Bd7 14. Bf4 Qa5 15. Rac1 Rc8 16. Rfe1 h6 17. Nd4 Nd8 18. Bb1 Ba4 19. Qg4 Kf8 20. Re3 Ba3 21. Rg3 g5 22. Rf1 Rxc3 23. Be3 Bd7 24. Qh5 Qxe5 25. Nf3 Qc7 26. Bd4 Rc1 27. Bxh8 Rxf1+ 28. Kxf1 Qc1+ 29. Ne1 Qxb1 30. Qxh6+ Ke8 31. Re3 Bb5+ 32. Kg1 Bc5 33. Re5 Bd4 34. Bf6 Kd7 35. Qf8 Bxe5 36. Qxd8+ Kc6 37. Qc8+ Bc7 38. Qe8+ Kd5 0-1

[Event "Guernsey op 38th"]
[Site "Guernsey"]
[Date "2012.10.22"]
[Round "2"]
[White "Cummins, John"]
[Black "Campbell, Ian"]
[Result "0-1"]
[WhiteElo "1844"]
[BlackElo "2000"]
[PlyCount "94"]
[EventDate "2012.10.21"]
[EventType "swiss"]
[EventRounds "7"]
[EventCountry "GCI"]
[SourceTitle "EXT 2013"]
[Source "ChessBase"]
[SourceDate "2012.11.22"]
[SourceVersion "1"]
[SourceVersionDate "2012.11.22"]
[SourceQuality "1"]

1. e4 g6 2. d4 Bg7 3. Nf3 d6 4. h3 a6 5. Bd3 Nd7 6. c3 e6 7. Bg5 Ne7 8. Nbd2 h6 9. Bh4 b6 10. Qc2 Bb7 11. 0-0 0-0 12. Rfe1 Qe8 13. Bg3 Rc8 14. e5 d5 15. Rac1 c5 16. Qb1 Nc6 17. h4 Qe7 18. a3 Rc7 19. Bc2 Rfc8 20. Nb3 a5 21. Kh1 Ba6 22. Nbd2 b5 23. Bd3 c4 24. Bc2 b4 25. Bd1 Rb8 26. Qa2 Ra7 27. b3 cxb3 28. Bxb3 bxa3 29. Rb1 Bd3 30. Bc2 Bb5 31. Rb3 Bf8 32. Nb1 Bc4 33. Qxa3 Bxb3 34. Qxe7 Bxe7 35. Bd3 a4 36. Nbd2 a3 37. Bf4 Kg7 38. Rd1 Na5 39. Nb1 Nc4 40. Bc1 a2 41. Nbd2 Nxd2 42. Nxd2 Bc4 43. Bc2 Bxh4 44. g3 Be7 45. f4 Ba3 46. Bxa3 Rxa3 47. Kg1 Rxc3 0-1

[Event "Guernsey op 38th"]
[Site "Guernsey"]
[Date "2012.10.21"]
[Round "1"]
[White "Lenier, Jude"]
[Black "Cummins, John"]
[Result "1-0"]
[WhiteElo "2046"]
[BlackElo "1844"]
[PlyCount "69"]
[EventDate "2012.10.21"]
[EventType "swiss"]
[EventRounds "7"]
[EventCountry "GCI"]
[SourceTitle "EXT 2013"]
[Source "ChessBase"]
[SourceDate "2012.11.22"]
[SourceVersion "1"]
[SourceVersionDate "2012.11.22"]
[SourceQuality "1"]

1. e4 c5 2. Nf3 d6 3. d4 cxd4 4. Nxd4 Nf6 5. Nc3 a6 6. Bg5 e6 7. f4 Be7 8. Qf3 Nbd7 9. 0-0-0 Qc7 10. g4 Rb8 11. Bxf6 Bxf6 12. g5 Be7 13. f5 Ne5 14. Qg3 b5 15. fxe6 Bxe6 16. Nxe6 fxe6 17. Bh3 Qc4 18. b3 Qc5 19. Bxe6 Qa3+ 20. Kb1 Nc4 21. Bxc4 bxc4 22. Nd5 cxb3 23. axb3 Rf8 24. e5 Qc5 25. Rd2 Rf5 26. exd6 Bxd6 27. Re1+ Kf8 28. Qd3 Qc8 29. Ne3 Bb4 30. Nxf5 Bxd2 31. Qd6+ Kf7 32. Re7+ Kg8 33. Rxg7+ Kh8 34. Rxh7+ Kxh7 35. Qh6+ 1-0

[Event "Guernsey op 37th"]
[Site "Guernsey"]
[Date "2011.10.17"]
[Round "2"]
[White "Goris, Ton"]
[Black "Cummins, John"]
[Result "1-0"]
[WhiteElo "1993"]
[BlackElo "1862"]
[PlyCount "83"]
[EventDate "2011.10.16"]
[EventType "swiss"]
[EventRounds "7"]
[EventCountry "GCI"]
[SourceTitle "EXT 2012"]
[Source "ChessBase"]
[SourceDate "2011.11.24"]
[SourceVersion "1"]
[SourceVersionDate "2011.11.24"]
[SourceQuality "1"]

1. e4 g6 2. d4 Bg7 3. Nc3 d6 4. f4 e6 5. Nf3 Ne7 6. Be3 a6 7. Bd3 Nbc6 8. a3 b5 9. 0-0 0-0 10. Qe1 Na5 11. b3 Nb7 12. Rd1 Kh8 13. h3 c6 14. g4 f5 15. exf5 exf5 16. g5 Qc7 17. Ne2 Bd7 18. h4 Nd5 19. Bd2 Rfe8 20. Qf2 Be6 21. Kg2 Re7 22. h5 Bf7 23. hxg6 Bxg6 24. Nh4 Rae8 25. Rh1 Bh5 26. Rde1 Ne3+ 27. Bxe3 Rxe3 28. Nxf5 Bf3+ 29. Kg3 Rxe2 30. Rxe2 Bxe2 31. Nxg7 Bxd3 32. Nxe8 Qe7 33. Re1 Be4 34. Nf6 d5 35. c4 Nd6 36. cxd5 cxd5 37. Nxd5 Qf7 38. Nf6 Qxb3+ 39. Kh2 Bf5 40. Qe3 Qc2+ 41. Re2 Qc6 42. Qe7 1-0

[Event "Olympiad-39"]
[Site "Khanty-Mansiysk"]
[Date "2010.09.22"]
[Round "2.2"]
[White "Cummins, John"]
[Black "Al Huwar, Jasem"]
[Result "0-1"]
[WhiteElo "1882"]
[BlackElo "2265"]
[PlyCount "46"]
[EventDate "2010.09.21"]
[EventType "team-swiss"]
[EventRounds "11"]
[EventCountry "RUS"]
[SourceTitle "CBM 139"]
[Source "ChessBase"]
[SourceDate "2010.11.18"]
[SourceVersion "1"]
[SourceVersionDate "2010.11.18"]
[SourceQuality "1"]
[WhiteTeam "Channel Islands"]
[BlackTeam "United Arab Emirates"]
[WhiteTeamCountry "GCI"]
[BlackTeamCountry "UAE"]

1. e4 g6 2. d4 Bg7 3. Nf3 d6 4. Bc4 Nf6 5. Nc3 0-0 6. 0-0 c6 7. Bb3 b5 8. e5 Ne8 9. Bf4 d5 10. Re1 Nc7 11. Qd2 Bg4 12. Qe3 Ne6 13. Ng5 Nxg5 14. Bxg5 a5 15. a3 Na6 16. h3 Be6 17. Rad1 Re8 18. Qf4 f6 19. exf6 exf6 20. Bh4 g5 21. Qd2 gxh4 22. Re2 Qd6 23. Rde1 Bf7 0-1

[Event "Guernsey op 34th"]
[Site "Guernsey"]
[Date "2008.10.21"]
[Round "3"]
[White "Fassaert, Desire Jm"]
[Black "Cummins, John"]
[Result "1/2-1/2"]
[WhiteElo "2002"]
[BlackElo "1919"]
[PlyCount "60"]
[EventDate "2008.10.19"]
[EventType "swiss"]
[EventRounds "7"]
[EventCountry "GCI"]
[SourceTitle "EXT 2009"]
[Source "ChessBase"]
[SourceDate "2008.11.26"]
[SourceVersion "1"]
[SourceVersionDate "2008.11.26"]
[SourceQuality "1"]

1. Nf3 Nf6 2. d4 e6 3. Bg5 Be7 4. e3 b6 5. Bd3 Bb7 6. Nbd2 d6 7. c3 Nbd7 8. Qe2 h6 9. Bh4 Nh5 10. Bxe7 Qxe7 11. 0-0 0-0 12. Ne1 Nhf6 13. f4 d5 14. Nef3 c5 15. Ne5 Ne4 16. Nxd7 Qxd7 17. Rad1 Nxd2 18. Rxd2 f5 19. Rc1 c4 20. Bc2 Bc6 21. Qd1 b5 22. Qe1 Qe7 23. a3 a6 24. Bd1 Be8 25. Bf3 Ra7 26. h3 Kh8 27. Kh2 Qf6 28. g3 g6 29. Rg2 Rg7 30. Qf2 Qd8 1/2-1/2

[Event "Guernsey op 33rd"]
[Site "Guernsey"]
[Date "2007.10.25"]
[Round "5"]
[White "Cummins, John"]
[Black "Jamieson, Ian M"]
[Result "0-1"]
[WhiteElo "1935"]
[BlackElo "2014"]
[PlyCount "128"]
[EventDate "2007.10.21"]
[EventType "swiss"]
[EventRounds "7"]
[EventCountry "GCI"]
[SourceTitle "EXT 2009"]
[Source "ChessBase"]
[SourceDate "2008.11.26"]
[SourceVersion "1"]
[SourceVersionDate "2008.11.26"]
[SourceQuality "1"]

1. e4 e6 2. b3 b6 3. Bb2 Bb7 4. Nc3 Nf6 5. d3 d5 6. exd5 Nxd5 7. Nxd5 Qxd5 8. Qg4 Qa5+ 9. c3 Nd7 10. Nf3 h5 11. Qa4 Qxa4 12. bxa4 Bc6 13. a5 bxa5 14. Be2 Rb8 15. Bc1 e5 16. 0-0 Be7 17. Re1 0-0 18. Bd1 Bf6 19. Bg5 e4 20. Bxf6 Nxf6 21. Ne5 Rb6 22. d4 a4 23. Nxc6 Rxc6 24. Bxa4 Rxc3 25. Rac1 Rxc1 26. Rxc1 Rd8 27. Bb3 Nd5 28. g3 Rd7 29. Ba4 Re7 30. Bc6 Nb4 31. a3 Nxc6 32. Rxc6 Rd7 33. Rc4 Kf8 34. Kf1 Ke7 35. Ke2 Kd6 36. Ke3 Re7 37. Ra4 c6 38. Rb4 c5 39. Ra4 cxd4+ 40. Kxd4 Kc6 41. Rb4 g6 42. a4 f5 43. Rb2 e3 44. fxe3 Re4+ 45. Kd3 Rxa4 46. h4 Rg4 47. Rg2 a5 48. Kc3 Re4 49. Kd3 Re8 50. Rc2+ Kd5 51. Rc7 Ra8 52. Rc4 a4 53. Rd4+ Ke5 54. Kc2 a3 55. Kb1 a2+ 56. Ka1 Ra3 57. Rd8 Rxe3 58. Kxa2 Rxg3 59. Re8+ Kf4 60. Re6 Rg4 61. Kb2 Kg3 62. Kc2 Kxh4 63. Kd2 Kg3 64. Ke2 Re4+ 0-1

[Event "Guernsey op 31st "]
[Site "Cobo Bay"]
[Date "2005.10.19"]
[Round "4"]
[White "Cummins, John"]
[Black "Murray, John Stephen"]
[Result "1/2-1/2"]
[WhiteElo "1921"]
[BlackElo "2031"]
[PlyCount "102"]
[EventDate "2005.10.16"]
[EventType "swiss"]
[EventRounds "7"]
[EventCountry "GCI"]
[SourceTitle "EXT 2006"]
[Source "ChessBase"]
[SourceDate "2005.11.24"]
[SourceVersion "1"]
[SourceVersionDate "2005.11.24"]
[SourceQuality "1"]

1. e4 c5 2. f4 Nc6 3. Nf3 g6 4. Nc3 Bg7 5. Bc4 e6 6. a4 Nge7 7. d3 0-0 8. 0-0 Nd4 9. Nxd4 cxd4 10. Ne2 d5 11. Bb3 b6 12. e5 Nc6 13. Bd2 f6 14. exf6 Bxf6 15. f5 exf5 16. Nf4 Ne7 17. Qf3 Bb7 18. Ne6 Qd7 19. Nxf8 Rxf8 20. Rae1 Re8 21. Rf2 Kf7 22. Rfe2 Bc6 23. Bb4 a5 24. Bxe7 Rxe7 25. Rxe7+ Bxe7 26. Re5 Kf6 27. Re2 Bd6 28. Qf2 Bc5 29. Qf3 Bf8 30. Qf4 Kf7 31. Kf1 Bc5 32. Qe5 Qd6 33. Qxd6 Bxd6 34. h3 Bf4 35. Kf2 Be3+ 36. Kf3 f4 37. h4 h6 38. g3 fxg3 39. Kxg3 g5 40. hxg5 hxg5 41. c4 Ke6 42. cxd5+ Bxd5 43. Bxd5+ Kxd5 44. Rc2 Bf4+ 45. Kg4 Be3 46. b3 Kd6 47. Kf5 Kd5 48. Rc4 Bf4 49. b4 axb4 50. Rxb4 Kc5 51. Rb5+ Kc6 1/2-1/2